|
|
|
|
| LEADER |
00000nab a2200000 a 4500 |
| 001 |
vtls011735921 |
| 003 |
SK-MaSNL |
| 005 |
20260305014407.0 |
| 008 |
180111c2017 xo zr p ||00 c0ukr |
| 015 |
|
|
|a SNBRB2018/01
|
| 038 |
|
|
|a SVKPOCL
|
| 040 |
|
|
|a SVKPOCL
|b slo
|c SVKPOCL
|e AACR2
|
| 041 |
0 |
|
|a ukr
|
| 044 |
|
|
|a xo
|c SK
|
| 080 |
|
|
|a 821.161.25(437.6)-1
|2 2011
|
| 080 |
|
|
|a 784.4(=161.25)
|2 2011
|
| 080 |
|
|
|a 398.8(=161.25)
|2 2011
|
| 080 |
|
|
|a 784.6(=161.25)
|2 2011
|
| 100 |
1 |
|
|a Suchý, Štefan,
|d 1946-
|4 aut
|9 93770
|
| 245 |
1 |
0 |
|a Mar'čyne pysmo svjatomu Mykolajovy
|c slova: Štefan Suchўj ; muzyka: Mario Garbera; [ilustratorka Eva Ilkovičova]
|
| 300 |
|
|
|b Noty, obr.
|
| 500 |
|
|
|a V rubrike Djit'ska spivanka
|
| 500 |
|
|
|a Z knihy Suchý, Štefan Nezabudka, 2008 s. 31, 37 a Azbukarnja. Rusyn i Narodnў novynkў, Prjašiv, 2004, s. 9-10, 41
|
| 650 |
0 |
7 |
|a rusínska poézia
|2 SNKPH
|9 1292
|
| 650 |
0 |
7 |
|a rusínska literatúra
|2 SNKPH
|9 1293
|
| 650 |
0 |
7 |
|a rusínske piesne
|2 svkpocl
|9 327398
|
| 700 |
1 |
|
|a Potfajová, Eva,
|d 1952-
|4 ill
|9 262314
|
| 700 |
1 |
|
|a Garbera, Mário,
|d 1980-
|4 cmp
|9 165356
|
| 773 |
0 |
|
|t Kolўsočka : misjačnўj časopys pro rusyn'skў djity
|g Roč. I, č. 9 (2017), s. 6
|x 2585-7045
|
| 852 |
|
|
|a SVKPO
|b KIS3GCP
|
| 856 |
4 |
2 |
|y Elektronický archív časopisu je na: https://issuu.com/www.rusinskyjazyk.sk/docs/kolysocka_9
|
| 958 |
|
|
|a RN
|
| 958 |
|
|
|a SK
|
| 958 |
|
|
|a SS
|
| 958 |
|
|
|a LX
|
| 999 |
|
|
|c 3269347
|d 3271277
|